Aire viviente / (Registro nro. 4268)
[ vista simple ]
| 000 -LEADER | |
|---|---|
| fixed length control field | 01141nam a2200229Ia 4500 |
| 003 - CONTROL NUMBER IDENTIFIER | |
| control field | OSt |
| 005 - DATE AND TIME OF LATEST TRANSACTION | |
| control field | 20250711150931.0 |
| 008 - FIXED-LENGTH DATA ELEMENTS--GENERAL INFORMATION | |
| fixed length control field | 191128s2011 ck a br 000 f spa d |
| 020 ## - INTERNATIONAL STANDARD BOOK NUMBER | |
| International Standard Book Number | 9879584533685 |
| 040 ## - CATALOGING SOURCE | |
| Original cataloging agency | CO-JMCR |
| Transcribing agency | CO-JMCR |
| 041 ## - LANGUAGE CODE | |
| Language code of text/sound track or separate title | spa |
| 082 14 - DEWEY DECIMAL CLASSIFICATION NUMBER | |
| Classification number | N |
| Item number | CASa2 |
| 100 1# - MAIN ENTRY--PERSONAL NAME | |
| Personal name | Castilla, Julia Mercedes, |
| Relator term | autora |
| 9 (RLIN) | 6540 |
| 245 10 - TITLE STATEMENT | |
| Title | Aire viviente / |
| Statement of responsibility, etc. | Julia Mercedes Castilla ; ilustraciones Roger Ycaza |
| 260 ## - PUBLICATION, DISTRIBUTION, ETC. | |
| Place of publication, distribution, etc. | Bogotá : |
| Name of publisher, distributor, etc. | Norma, |
| Date of publication, distribution, etc. | 2011 |
| 300 ## - PHYSICAL DESCRIPTION | |
| Extent | 126 páginas : |
| Other physical details | ilustraciones en blanco y negro ; |
| Dimensions | 20 cm. |
| 505 ## - FORMATTED CONTENTS NOTE | |
| Formatted contents note | Los quehaceres -- En las alturas -- Abajo en la tierra -- Vamos a casa -- La huida -- La aventura continúa -- Perdidos entre animales salvajes -- ¿Ahora qué? -- Trabajo duro -- Ajako -- Tiempo de aprender -- Abuela cruel -- Hombres blancos a caballo |
| 520 ## - SUMMARY, ETC. | |
| Summary, etc. | Un día muy temprano, después de alimentar a los animales y ordeñar las vacas, Ramón y Elvia son arrastrados por un misterioso vendabal que se transforma en una hermosa mujer de largos cabellos: Aire viviente. |
| 650 14 - SUBJECT ADDED ENTRY--TOPICAL TERM | |
| Topical term or geographic name entry element | Novela infantil colombiana |
| 9 (RLIN) | 6541 |
| 700 ## - ADDED ENTRY--PERSONAL NAME | |
| Personal name | Ycaza, Roger, |
| Relator term | ilustrador |
| 9 (RLIN) | 159 |
| 942 ## - ADDED ENTRY ELEMENTS (KOHA) | |
| Source of classification or shelving scheme | Dewey Decimal Classification |
| Koha item type | Books |
| Withdrawn status | Lost status | Source of classification or shelving scheme | Materials specified (bound volume or other part) | Damaged status | Not for loan | Collection code | Home library | Current library | Date acquired | Source of acquisition | Cost, normal purchase price | Total Checkouts | Total Renewals | Full call number | Barcode | Date last seen | Date last checked out | Copy number | Koha item type |
|---|---|---|---|---|---|---|---|---|---|---|---|---|---|---|---|---|---|---|---|
| Dewey Decimal Classification | Donación--05/10/2018-- | Fiction | Biblioteca Pública José María del Castillo y Rada | Biblioteca Pública José María del Castillo y Rada | 11/28/2019 | Donación | 0.00 | 6 | 4 | N CASa2 | 201809103 | 03/31/2026 | 03/31/2026 | Ej.1 | Books |